LIBRARY & INFORMATION CENTRE, KCAET, TAVANUR

ONLINE PUBLIC ACCESS CATALOGUE (OPAC)

Human engineering aspects of some selected agricultural implements (Record no. 15205)

MARC details
000 -LEADER
fixed length control field 00665nam a22001937a 4500
003 - CONTROL NUMBER IDENTIFIER
control field OSt
088 ## - REPORT NUMBER
Report number P 138
100 ## - MAIN ENTRY--AUTHOR NAME
Personal name BINDU SUBRAMANIAN
245 ## - TITLE STATEMENT
Title Human engineering aspects of some selected agricultural implements
260 ## - PUBLICATION, DISTRIBUTION, ETC. (IMPRINT)
Place of publication Tavanur 2003
Name of publisher Kelappaji College of Agricultural Engineering and Technology
300 ## - PHYSICAL DESCRIPTION
Number of Pages 64
500 ## - GENERAL NOTE
General note Human engineering aspects of some selected agricultural implements
520 ## - SUMMARY, ETC.
Summary, etc Human engineering aspects of some selected agricultural implements
700 ## - ADDED ENTRY--PERSONAL NAME
Personal name Dilin Varkey
700 ## - ADDED ENTRY--PERSONAL NAME
Personal name Jeena M. John
700 ## - ADDED ENTRY--PERSONAL NAME
Personal name Dr. Geetha Susan Philip (Guide)
942 ## - ADDED ENTRY ELEMENTS (KOHA)
Koha item type Project Report
Holdings
Collection code Home library Current library Shelving location Full call number Accession Number Koha item type
Reference KAUAET KAUAET Reference 631.3 BIN/HU P 138 Project Report
free website counter